| 000 | 01182cam a22003614a 4500 | ||
|---|---|---|---|
| 001 | 5719 | ||
| 003 | FISKH | ||
| 005 | 20250709140748.0 | ||
| 008 | 000619s2001 nyua b 000 0 eng | ||
| 010 | _a 00055538 | ||
| 020 | _a0789473666 | ||
| 020 | _a0789473658 (pbk.) | ||
| 020 | _a9780789473653 | ||
| 040 |
_aDLC _cDLC _dDLC _beng |
||
| 050 | _aTH9148.H39 | ||
| 082 | _a628.925 | ||
| 100 | 1 |
_aHayward, Linda, _d1943- |
|
| 245 | 1 | 2 |
_aA day in the life of a firefighter / _cwritten by Linda Hayward. |
| 260 |
_aNew York : _bDorling Kindersley, _c2001. |
||
| 300 |
_a32 pages : _bcolor illustrations ; _c23 cm |
||
| 490 |
_3Dorling Kindersley readers : _aBeginning to read, _v1. |
||
| 505 | _aJ | ||
| 520 | _aPortrays real-life situations that help young children identify with and learn about firefighters while helping them improve their reading skills. | ||
| 521 | 8 |
_a470
_bLexile |
|
| 521 | 8 |
_aJ
_bRaz-Plus |
|
| 650 | 0 |
_aFire extinction _vJuvenile literature. |
|
| 650 | 1 | _aFire fighters. | |
| 650 | 1 | _aFire extinction. | |
| 650 | 1 | _aOccupations. | |
| 906 |
_a7 _bcbc _corignew _d1 _eocip _f20 _gy-gencatlg |
||
| 942 |
_2ddc _cBK _n0 |
||
| 999 |
_c5719 _d5719 |
||